Famosos por letra - A - Estadísticas

Estadísticas generales
  • Esta prueba ha sido intentada 156 veces
    154 desde el último reinicio
  • La puntuación promedio es 9 de 16
Estadísticas de respuestas
Imagen Respuesta % Correcto
Albert Einstein
97%
Ariana Grande
96%
Adele
90%
Adam Sandler
89%
Angelina Jolie
85%
Alejandro Sanz
82%
Amy Winehouse
74%
Aristóteles
74%
Anne Hathaway
67%
Adriana Lima
56%
Adam Levine
46%
Alfred Hitchcock
32%
Anna Wintour
25%
Al Bano
15%
Alejandra Guzmán
7%
Alejandro Speitzer
3%
No se encontraron pruebas coincidentes
Distribución de puntuación
Porcentaje de gente con cada puntuación
Porcentaje por número respondido
Historial de tus puntuaciones
No has intentado esta prueba desde el último reinicio